[Event "1st Las Palmas it"]
[Site "Las Palmas ESP"]
[Date "1972.06.11"]
[Round "11"]
[White "Andersson, Ulf"]
[Black "Portisch, Lajos"]
[WhiteElo "2535"]
[BlackElo "2640"]
[Result "0-1"]
[EventDate "1972.05.29"]
[PlyCount "71"]

1.e4 e5 2.Nf3 Nc6 3.Bb5 a6 4.Bxc6 dxc6 5.O-O Qd6 6.d4 exd4 7.Nxd4 Bd7 8.
Nc3 O-O-O 9.Be3 Nh6 10.h3 g5 11.Qh5 g4 12.Nf5 Nxf5 13.exf5 gxh3 14.Rad1 
Qb4 15.Bg5 Be7 16.a3 Qc5 17.Bxe7 Qxe7 18.Rfe1 h2+ 19.Kxh2 Qc5 20.Qxf7 Qxf2
21.Rf1 Qh4+ 22.Kg1 Rhf8 23.Qg7 Rxf5 24.Rd4 Qg5 25.Qxg5 Rxg5 26.Ne4 Re5 27.
b4 Bf5 28.Rxd8+ Kxd8 29.Nc5 b6 30.Nxa6 Kc8 31.g4 Bg6 32.c4 Re4 33.b5 Rxg4+
34.Kh2 Rxc4 35.Rf8+ Kb7 36.bxc6+ 0-1

[Event "1st Las Palmas it"]
[Site "Las Palmas ESP"]
[Date "1972.06.11"]
[Round "11"]
[White "Bronstein, David"]
[Black "Menvielle Laccourreye, Augusto"]
[WhiteElo "2585"]
[BlackElo "2365"]
[Result "1/2-1/2"]
[EventDate "1972.05.29"]
[PlyCount "94"]

1.d4 f5 2.Nc3 d5 3.Bg5 c6 4.e3 g6 5.h4 Bg7 6.h5 h6 7.Bf4 g5 8.Be5 Bxe5 9.
dxe5 Nd7 10.f4 g4 11.e4 dxe4 12.Bc4 Qa5 13.Qd2 b5 14.Bb3 Nc5 15.Rd1 b4 16.
Nce2 e6 17.Qd6 Ne7 18.Nd4 Bd7 19.Bc4 Nc8 20.Nb3 Nxd6 21.Nxa5 Nxc4 22.Nxc4 
Ke7 23.Ne2 Nb7 24.a4 bxa3 25.Nxa3 c5 26.Nc3 Rhd8 27.Nc4 Bc6 28.Rxd8 Rxd8 
29.Ke2 Rd4 30.Ne3 a5 31.b3 Rb4 32.Nc4 Bd5 33.Ne3 Bc6 34.g3 Rd4 35.Ra1 Rd8 
36.Nc4 Ra8 37.Rd1 Rd8 38.Ra1 Ra8 39.Na4 Bb5 40.Ke3 Bxc4 41.bxc4 Kd8 42.Rb1
Ra7 43.Rb6 Kd7 44.Kd2 Ke7 45.Kc3 Kd7 46.Kd2 Ke7 47.Nc3 Nd8 1/2-1/2

[Event "1st Las Palmas it"]
[Site "Las Palmas ESP"]
[Date "1972.06.11"]
[Round "11"]
[White "Gheorghiu, Florin"]
[Black "Larsen, Bent"]
[WhiteElo "2520"]
[BlackElo "2625"]
[Result "0-1"]
[EventDate "1972.05.29"]
[PlyCount "68"]

1.d4 Nf6 2.c4 e6 3.Nf3 Bb4+ 4.Nbd2 b6 5.e3 Bb7 6.Bd3 c5 7.O-O O-O 8.dxc5 
Bxc5 9.a3 a5 10.b3 Nc6 11.Bb2 d5 12.e4 dxc4 13.Bxc4 Nd4 14.e5 Nxf3+ 15.
Nxf3 Nd5 16.Bd4 Rc8 17.Bxc5 Rxc5 18.Qd4 Qc7 19.Ng5 Ne7 20.Qd3 g6 21.Qh3 h5
22.f4 b5 23.g4 bxc4 24.gxh5 Rxe5 25.fxe5 Qc5+ 26.Rf2 Qxe5 27.Nxe6 Qxa1+ 
28.Rf1 Qe5 29.Nxf8 Kxf8 30.hxg6 Qd4+ 31.Rf2 Nxg6 32.Qh6+ Kg8 33.bxc4 Qg4+ 
34.Kf1 Qd1# 0-1

[Event "1st Las Palmas it"]
[Site "Las Palmas ESP"]
[Date "1972.06.11"]
[Round "11"]
[White "Huguet, Bernard"]
[Black "Tatai, Stefano"]
[WhiteElo "2255"]
[BlackElo "2460"]
[Result "1/2-1/2"]
[EventDate "1972.05.29"]
[PlyCount "116"]

1.e4 c5 2.Nf3 d6 3.d4 cxd4 4.Nxd4 Nf6 5.Nc3 a6 6.Be2 Nbd7 7.a4 b6 8.f4 Bb7
9.Bf3 g6 10.O-O Bg7 11.e5 Bxf3 12.Nxf3 dxe5 13.fxe5 Ng4 14.e6 Nde5 15.Nxe5
Nxe5 16.exf7+ Nxf7 17.Qxd8+ Rxd8 18.Be3 Rd6 19.Rad1 Bxc3 20.bxc3 b5 21.
axb5 axb5 22.Bc5 Rxd1 23.Rxd1 Nd8 24.Rb1 Ne6 25.Rxb5 Kf7 26.Be3 Rc8 27.Rb3
Rc4 28.Kf2 Nc5 29.Bxc5 Rxc5 30.Ke3 Re5+ 31.Kd3 Rd5+ 32.Ke2 Re5+ 33.Kd1 Rc5
34.Kd2 Rf5 35.Ke1 Re5+ 36.Kd1 Rc5 37.Kc1 Re5 38.c4 Re2 39.Rg3 Ke8 40.Kb2 
Kd7 41.Kc3 Kc6 42.Kd3 Rf2 43.c3 e5 44.Rg5 Kd6 45.h3 Ra2 46.Rg3 Rb2 47.Ke4 
Re2+ 48.Kf3 Re1 49.Kf2 Rc1 50.Rd3+ Kc5 51.Rd5+ Kxc4 52.Rxe5 Rxc3 53.Re7 
Kd5 54.Rxh7 Ke6 55.Ra7 Kf6 56.Ra2 Rb3 57.Re2 Ra3 58.Re3 Ra2+ 1/2-1/2

[Event "1st Las Palmas it"]
[Site "Las Palmas ESP"]
[Date "1972.06.12"]
[Round "12"]
[White "Benko, Pal"]
[Black "Huguet, Bernard"]
[WhiteElo "2515"]
[BlackElo "2255"]
[Result "1-0"]
[EventDate "1972.05.29"]
[PlyCount "97"]

1.d4 c5 2.d5 e5 3.e4 d6 4.c4 Be7 5.g3 Nf6 6.Nc3 O-O 7.Bg2 Ne8 8.Nge2 Bg5 
9.f4 Bh6 10.O-O Bg4 11.Be3 Qd7 12.Qd2 b6 13.Nc1 Bh3 14.Nd3 Bxg2 15.Kxg2 
Qe7 16.Rae1 Nd7 17.Qe2 g6 18.f5 Bxe3 19.Qxe3 Kh8 20.a3 Nc7 21.b4 Rg8 22.
Rb1 Rab8 23.Rb2 g5 24.Rfb1 f6 25.Qd2 Rgc8 26.bxc5 dxc5 27.Nf2 Ne8 28.Nb5 
Rb7 29.a4 a6 30.Na3 a5 31.Nb5 Nd6 32.Nxd6 Qxd6 33.h4 Rg8 34.hxg5 Rxg5 35.
Rh1 Nf8 36.Rh3 Rbg7 37.Rb3 Nd7 38.Qd1 Qf8 39.Qh1 Qg8 40.Qh2 Qf7 41.Rh6 Qg8
42.Qh4 Rf7 43.g4 Rgg7 44.Rg3 Qd8 45.Nh3 Qe7 46.g5 fxg5 47.Nxg5 Rf6 48.Rh5 
Rf8 49.d6 1-0

[Event "1st Las Palmas it"]
[Site "Las Palmas ESP"]
[Date "1972.06.12"]
[Round "12"]
[White "Dominguez Sanz, Juan Pedro"]
[Black "Medina Garcia, Antonio Angel"]
[WhiteElo "2265"]
[BlackElo "2380"]
[Result "0-1"]
[EventDate "1972.05.29"]
[PlyCount "119"]

1.e4 e5 2.Nf3 Nc6 3.Bb5 a6 4.Ba4 d6 5.c3 Bd7 6.d4 Nge7 7.O-O Ng6 8.Re1 Be7
9.Nbd2 O-O 10.Nf1 Bg4 11.d5 Nh4 12.Ne3 Bxf3 13.gxf3 Nb8 14.Kh1 Nd7 15.Rg1 
Nf6 16.Bc2 Nh5 17.Nf5 Bf6 18.Ng3 Nf4 19.Bxf4 exf4 20.Nh5 Be5 21.Rg4 g5 22.
Qf1 Kh8 23.Qh3 Rg8 24.Rgg1 Qc8 25.Qg4 f6 26.Bd3 Rg6 27.Bf1 Rh6 28.Qxc8+ 
Rxc8 29.Bh3 Re8 30.Bg4 Kg8 31.Rge1 Kf7 32.h3 Kg6 33.Rad1 Rxh5 34.Bxh5+ 
Kxh5 35.Rd3 Kg6 36.b4 a5 37.Rb1 Ra8 38.a4 h5 39.Kg1 axb4 40.Rxb4 b6 41.Kf1
f5 42.exf5+ Kxf5 43.Rc4 g4 44.hxg4+ hxg4 45.fxg4+ Kxg4 46.Ke2 Ra5 47.Kd2 
b5 48.axb5 Rxb5 49.Kc2 Nf3 50.Rd1 Ra5 51.Kb2 Ng5 52.Rd3 Ra7 53.Kb3 Ra8 54.
Rxc7 Rf8 55.Re7 Kf5 56.Rd2 Ne4 57.Re2 Nxf2 58.c4 Nd3 59.Ka4 f3 60.Re3 0-1

[Event "1st Las Palmas it"]
[Site "Las Palmas ESP"]
[Date "1972.06.12"]
[Round "12"]
[White "Menvielle Laccourreye, Augusto"]
[Black "Andersson, Ulf"]
[WhiteElo "2365"]
[BlackElo "2535"]
[Result "1/2-1/2"]
[EventDate "1972.05.29"]
[PlyCount "127"]

1.e4 e6 2.d4 d5 3.e5 b6 4.c3 Qd7 5.a4 a5 6.f4 h5 7.Bb5 c6 8.Be2 g6 9.Be3 
Nh6 10.Nd2 Be7 11.Ndf3 Ba6 12.Bf2 Nf5 13.Bd3 Bxd3 14.Qxd3 c5 15.Ne2 Nc6 
16.O-O Rb8 17.g3 c4 18.Qc2 b5 19.b3 cxb3 20.Qxb3 b4 21.h3 bxc3 22.Qxc3 Nb4
23.Qd2 Rc8 24.Rfc1 Rxc1+ 25.Nxc1 O-O 26.g4 Ng7 27.Nb3 Rc8 28.Nc5 Qc6 29.
Ne1 Rb8 30.Nb3 Bd8 31.Nc1 Qc4 32.Ne2 Qb3 33.Qc3 Qxc3 34.Nxc3 Rc8 35.Rc1 g5
36.Be3 hxg4 37.hxg4 f5 38.exf6 gxf4 39.Bxf4 Bxf6 40.Nb5 Rc4 41.Nf3 Rxc1+ 
42.Bxc1 Ne8 43.Bd2 Nc6 44.Bc3 Bd8 45.Ne5 Nxe5 46.dxe5 Bb6+ 47.Bd4 Bxd4+ 
48.Nxd4 Nc7 49.Kg2 Kf7 50.Nb3 Na8 51.Kf3 Nb6 52.Nc5 Nc4 53.Kf4 Nb2 54.Ke3 
Nc4+ 55.Kd4 Nd2 56.Nd3 Ne4 57.Nf4 Ke7 58.Nd3 Kf7 59.g5 Nxg5 60.Kc5 Ke7 61.
Kb5 Kd8 62.Kxa5 Kc7 63.Kb5 Nf3 64.Kc5 1/2-1/2

[Event "1st Las Palmas it"]
[Site "Las Palmas ESP"]
[Date "1972.06.12"]
[Round "12"]
[White "Pomar Salamanca, Arturo"]
[Black "Visier Segovia, Fernando"]
[WhiteElo "2460"]
[BlackElo "2365"]
[Result "1/2-1/2"]
[EventDate "1972.05.29"]
[PlyCount "45"]

1.d4 Nf6 2.c4 e6 3.Nf3 c5 4.e3 cxd4 5.exd4 b6 6.Nc3 Bb7 7.g3 Bb4 8.Bg2 d5 
9.Qa4+ Nc6 10.Ne5 O-O 11.Nxc6 Bxc3+ 12.bxc3 Qd7 13.Ne7+ Qxe7 14.Ba3 Qe8 
15.Qc2 Qc8 16.Bxf8 dxc4 17.Bxg7 Bxg2 18.Bxf6 Bxh1 19.O-O-O Qf8 20.f4 Bd5 
21.g4 b5 22.f5 Qh6+ 23.g5 1/2-1/2

[Event "1st Las Palmas it"]
[Site "Las Palmas ESP"]
[Date "1972.06.12"]
[Round "12"]
[White "Tatai, Stefano"]
[Black "Gheorghiu, Florin"]
[WhiteElo "2460"]
[BlackElo "2520"]
[Result "1/2-1/2"]
[EventDate "1972.05.29"]
[PlyCount "42"]

1.e4 Nf6 2.e5 Nd5 3.Nc3 Nxc3 4.dxc3 d6 5.Nf3 Nc6 6.Bf4 dxe5 7.Nxe5 Qxd1+ 
8.Rxd1 Nxe5 9.Bxe5 c6 10.Bc4 Bf5 11.Bd3 Bxd3 12.cxd3 f6 13.Bg3 e5 14.d4 
exd4 15.Rxd4 Bc5 16.Rc4 Bb6 17.Re4+ Kf7 18.Kd2 Rhe8 19.Rhe1 Rxe4 20.Rxe4 
Re8 21.Rxe8 Kxe8 1/2-1/2

[Event "1st Las Palmas it"]
[Site "Las Palmas ESP"]
[Date "1972.06.14"]
[Round "13"]
[White "Bronstein, David"]
[Black "Pomar Salamanca, Arturo"]
[WhiteElo "2585"]
[BlackElo "2460"]
[Result "1/2-1/2"]
[EventDate "1972.05.29"]
[PlyCount "35"]

1.e4 c6 2.d4 d5 3.exd5 cxd5 4.Bd3 Nc6 5.c3 Nf6 6.Bg5 Bg4 7.Qb3 Qd7 8.Nd2 
e6 9.Ngf3 Bd6 10.O-O h6 11.Be3 O-O 12.Rae1 Rae8 13.Ne5 Qc7 14.f4 Bf5 15.
Bxf5 exf5 16.a4 Na5 17.Qa2 Rc8 18.Rc1 1/2-1/2

[Event "1st Las Palmas it"]
[Site "Las Palmas ESP"]
[Date "1972.06.14"]
[Round "13"]
[White "Huguet, Bernard"]
[Black "Dominguez Sanz, Juan Pedro"]
[WhiteElo "2255"]
[BlackElo "2265"]
[Result "1/2-1/2"]
[EventDate "1972.05.29"]
[PlyCount "38"]

1.d4 d5 2.c4 e6 3.Nc3 Nf6 4.Bg5 Nbd7 5.e3 c6 6.Nf3 Be7 7.Bd3 O-O 8.O-O 
dxc4 9.Bxc4 Nd5 10.Bxe7 Qxe7 11.Nxd5 exd5 12.Bd3 Re8 13.Rb1 a5 14.Qc2 Nf6 
15.Rfc1 Bg4 16.Ne5 Be6 17.Qc5 Qxc5 18.Rxc5 Nd7 19.Nxd7 Bxd7 1/2-1/2

[Event "1st Las Palmas it"]
[Site "Las Palmas ESP"]
[Date "1972.06.14"]
[Round "13"]
[White "Lehmann, Heinz"]
[Black "Menvielle Laccourreye, Augusto"]
[WhiteElo "2395"]
[BlackElo "2365"]
[Result "0-1"]
[EventDate "1972.05.29"]
[PlyCount "80"]

1.d4 f5 2.g3 Nf6 3.Bg2 g6 4.b3 Bg7 5.Bb2 d5 6.Nf3 O-O 7.O-O Be6 8.c4 c6 9.
Ng5 Bf7 10.Nd2 Qe8 11.Ndf3 Ne4 12.Nxe4 dxe4 13.Ng5 c5 14.Rb1 cxd4 15.Bxd4 
Nc6 16.Bxg7 Kxg7 17.Nxf7 Qxf7 18.Qd2 Rad8 19.Qb2+ Qf6 20.b4 Rd4 21.Qc3 Rc8
22.a3 Ne5 23.c5 b6 24.Qxd4 Nf3+ 25.exf3 Qxd4 26.cxb6 axb6 27.fxe4 Rc2 28.
exf5 gxf5 29.a4 e5 30.a5 b5 31.Bb7 e4 32.Rbe1 Qxb4 33.a6 Ra2 34.g4 Qc5 35.
gxf5 b4 36.Rxe4 b3 37.Ree1 Qxf5 38.Rb1 Rxf2 39.Rxf2 Qxb1+ 40.Kg2 b2 0-1

[Event "1st Las Palmas it"]
[Site "Las Palmas ESP"]
[Date "1972.06.14"]
[Round "13"]
[White "Smyslov, Vassily"]
[Black "Tatai, Stefano"]
[WhiteElo "2620"]
[BlackElo "2460"]
[Result "1-0"]
[EventDate "1972.05.29"]
[PlyCount "57"]

1.c4 g6 2.Nf3 Bg7 3.d4 c5 4.d5 d6 5.e4 Nf6 6.Bd3 e6 7.Nc3 exd5 8.cxd5 Bg4 
9.Qa4+ Nbd7 10.Nd2 O-O 11.O-O Ne5 12.Bb1 g5 13.Re1 Nh5 14.Nc4 a6 15.Ne3 
Nf4 16.Nxg4 Nxg4 17.Qd1 Ne5 18.Ne2 Nxe2+ 19.Qxe2 h6 20.a4 Re8 21.Ra3 f5 
22.f4 gxf4 23.Bxf4 Ng4 24.Rf1 Qf6 25.h3 Qd4+ 26.Kh1 Ne5 27.Rg3 Nf7 28.Qh5 
fxe4 29.Be3 1-0

[Event "1st Las Palmas it"]
[Site "Las Palmas ESP"]
[Date "1972.06.15"]
[Round "14"]
[White "Dominguez Sanz, Juan Pedro"]
[Black "Gheorghiu, Florin"]
[WhiteElo "2265"]
[BlackElo "2520"]
[Result "0-1"]
[EventDate "1972.05.29"]
[PlyCount "80"]

1.d4 Nf6 2.c4 c5 3.Nf3 cxd4 4.Nxd4 e6 5.Nc3 Bb4 6.Qc2 Nc6 7.e3 O-O 8.Be2 
d5 9.a3 Be7 10.Nf3 dxc4 11.Bxc4 a6 12.O-O b5 13.Rd1 Qb6 14.Be2 Bb7 15.b4 
Rfc8 16.Bb2 a5 17.bxa5 Nxa5 18.Rd4 Nd5 19.Nxd5 Bxd5 20.Qd1 Nc4 21.Bxc4 
bxc4 22.Bc3 Bf6 23.e4 Bxe4 24.Rxe4 Bxc3 25.Rb1 Qc6 26.Qc2 Bf6 27.g4 h6 28.
Rb4 c3 29.h4 g6 30.g5 hxg5 31.hxg5 Bg7 32.a4 Rab8 33.Rbc4 Qxc4 34.Rxc4 
Rxc4 35.Ne1 Rb2 36.Qd3 Rd4 37.Qe3 Rb1 38.Kg2 Rxe1 39.Qxe1 c2 40.a5 Rd1 0-1

[Event "1st Las Palmas it"]
[Site "Las Palmas ESP"]
[Date "1972.06.15"]
[Round "14"]
[White "Menvielle Laccourreye, Augusto"]
[Black "Medina Garcia, Antonio Angel"]
[WhiteElo "2365"]
[BlackElo "2380"]
[Result "1-0"]
[EventDate "1972.05.29"]
[PlyCount "81"]

1.e4 e5 2.Nf3 Nc6 3.d4 exd4 4.c3 dxc3 5.Nxc3 Bb4 6.Bc4 d6 7.O-O Bxc3 8.
bxc3 Nf6 9.e5 Nxe5 10.Nxe5 dxe5 11.Qb3 Qe7 12.Ba3 c5 13.Bb5+ Bd7 14.Bxd7+ 
Qxd7 15.Bxc5 Qc6 16.Ba3 Nd5 17.Rae1 O-O-O 18.Rxe5 Rhe8 19.Rf5 Rd7 20.h3 g6
21.Rf3 f5 22.Bc1 Re4 23.Rd3 Qc4 24.Rfd1 Re1+ 25.Rxe1 Qxd3 26.Re8+ Kc7 27.
Qa3 Qxc3 28.Bf4+ Kb6 29.Re6+ Kb5 30.Qxa7 Qa5 31.Qd4 Qb4 32.Qd3+ Ka4 33.Re8
Nb6 34.Ra8+ Nxa8 35.Qxd7+ Qb5 36.Qxh7 Qb1+ 37.Kh2 Qe4 38.Qd7+ Ka5 39.Be3 
Qe5+ 40.g3 Nc7 41.Bf4 1-0

[Event "1st Las Palmas it"]
[Site "Las Palmas ESP"]
[Date "1972.06.15"]
[Round "14"]
[White "Portisch, Lajos"]
[Black "Huguet, Bernard"]
[WhiteElo "2640"]
[BlackElo "2255"]
[Result "1-0"]
[EventDate "1972.05.29"]
[PlyCount "78"]

1.d4 Nf6 2.c4 e6 3.Nc3 Bb4 4.e3 c5 5.Bd3 Nc6 6.Nf3 Bxc3+ 7.bxc3 d6 8.O-O 
O-O 9.Nd2 e5 10.Nb3 b6 11.Bd2 Ne7 12.e4 Ng6 13.f4 exf4 14.Bxf4 Nxf4 15.
Rxf4 Qe7 16.Qe2 Bb7 17.Re1 Rae8 18.Nd2 g6 19.Rff1 Nh5 20.Bc2 Bc6 21.Qf2 
Ng7 22.Nf3 f6 23.Bd3 Qd7 24.Qh4 Qb7 25.Re2 Qd7 26.Ref2 Qe7 27.Nd2 f5 28.
Qxe7 Rxe7 29.g4 Ref7 30.gxf5 gxf5 31.exf5 Bd7 32.f6 Ne8 33.Ne4 Kh8 34.Kh1 
Bg4 35.Rf4 Bh5 36.Ng3 Bg6 37.Bxg6 hxg6 38.Ne4 Kg8 39.d5 g5 1-0

[Event "1st Las Palmas it"]
[Site "Las Palmas ESP"]
[Date "1972.06.15"]
[Round "14"]
[White "Tatai, Stefano"]
[Black "Visier Segovia, Fernando"]
[WhiteElo "2460"]
[BlackElo "2365"]
[Result "1-0"]
[EventDate "1972.05.29"]
[PlyCount "87"]

1.e4 c5 2.Nf3 e6 3.d4 cxd4 4.Nxd4 Nc6 5.Nb5 d6 6.c4 a6 7.N5c3 Nf6 8.Be2 
Be7 9.O-O O-O 10.Be3 b6 11.Qd2 Bb7 12.Rd1 Qc7 13.f3 Rfd8 14.Na3 Ne5 15.
Rac1 Rab8 16.Qe1 Ba8 17.Kh1 Qa7 18.Qf1 Bc6 19.Nc2 Qb7 20.Nd4 Be8 21.Rd2 
Nc6 22.Nc2 Qc7 23.Rcd1 Na5 24.Bg1 Rbc8 25.Ne3 Nb7 26.Rc1 Qb8 27.Qd1 Nh5 
28.a3 g6 29.b4 f5 30.Qb3 Bf7 31.Rcd1 Bf6 32.exf5 gxf5 33.Na4 Nf4 34.Bf1 
Qc7 35.Nxb6 Qxb6 36.Nd5 Nxd5 37.Bxb6 Nxb6 38.c5 Nd5 39.Bxa6 Rb8 40.Bxb7 
Rxb7 41.c6 Rb6 42.Rxd5 exd5 43.b5 Rdb8 44.Qd3 1-0